[Event "HUN-chT 2017-18"]
[Site "Budapest"]
[Date "2018.05.06"]
[Round "9"]
[White "Acs, Peter"]
[Black "Farkas, Tibor"]
[Result "1/2-1/2"]
[WhiteElo "2596"]
[BlackElo "2333"]
[Annotator "TA"]
[PlyCount "76"]
[EventDate "2018.??.??"]
[EventType "team-tourn"]
[EventCountry "HUN"]
[SourceTitle "playchess.com"]
[Source "ChessBase"]
[SourceQuality "1"]
[WhiteTeam "Hungary"]
[BlackTeam "Hungary"]
[WhiteTeamCountry "HUN"]
[BlackTeamCountry "HUN"]

{[%evp 20,76,30,0,16,6,7,7,23,0,16,16,13,0,26,6,22,6,31,25,35,33,40,45,64,64,75,70,77,56,65,66,58,18,16,0,0,0,20,8,38,6,7,0,31,15,45,13,43,0,0,0,33,0,0,0,0,-22,-35]} 1. e4 c5 2. Nf3 d6 3. d4 cxd4 4. Nxd4 Nf6 5. Nc3 a6 6. g3 g6 7. Bg2 Bg7 8. O-O O-O 9. h3 Bd7 {B91: Sicilian Najdorf: 6 g3} 10. a4 (10. Be3 Nc6 11. Nde2 Rc8 12. b3 b5 13. Nd5 Be6 14. Qd2 Ne5 15. f4 Ned7 16. Nd4 Nc5 17. Nxe6 Nxe6 18. Rac1 Nc5 19. Nxf6+ Bxf6 {½-½ (98) Grischuk,A (2767)-Nepomniachtchi,I (2751) Moscow 2018}) 10... Nc6 11. Nb3 {LiveBook: 3 Games} Na5 12. Nxa5 Qxa5 13. Bd2 $146 ({Predecessor:} 13. Ra3 Rac8 14. Be3 Rc4 15. Re1 Rfc8 16. Bd2 Qd8 17. a5 Be6 {1-0 (28) Santiago,Y (2363)-Barata,A (2199) Salvador 2012}) 13... Qc7 14. a5 Rac8 15. Be3 Be6 16. Bb6 Qb8 17. Na4 Nd7 18. Be3 Bc4 19. Re1 Bb5 20. c3 {[%cal Bc2c3,Bc3c4][%mdl 32]} Ne5 21. Nb6 Rcd8 22. Qb3 Nd7 23. c4 Bc6 24. Rab1 Nxb6 25. Bxb6 Rde8 26. c5 Rc8 27. Qe3 dxc5 28. Bxc5 Rfe8 29. b4 e6 30. h4 h5 31. Bb6 Bb5 32. e5 Bf8 33. Red1 Bg7 34. f4 Bf8 35. Rd4 Bc6 36. Bxc6 Rxc6 {The position is equal.} 37. Rbd1 Qc8 38. Kg2 ({Much worse is} 38. Rd8 Rxd8 39. Rxd8 Rc1+ 40. Kf2 Rc2+ 41. Rd2 Bxb4 $17) 38... Rc2+ {Precision: White = 42%, Black = 41%.} 1/2-1/2

[Event "HUN-chT 2017-18"]
[Site "Budapest"]
[Date "2018.05.06"]
[Round "9"]
[White "Papp, Gabor"]
[Black "Sipos, Istvan"]
[Result "1-0"]
[WhiteElo "2592"]
[BlackElo "2490"]
[Annotator "TA"]
[PlyCount "91"]
[EventDate "2018.??.??"]
[EventType "team-tourn"]
[EventCountry "HUN"]
[SourceTitle "playchess.com"]
[Source "ChessBase"]
[SourceQuality "1"]
[WhiteTeam "Hungary"]
[BlackTeam "Hungary"]
[WhiteTeamCountry "HUN"]
[BlackTeamCountry "HUN"]

{[%evp 22,91,7,0,17,0,38,39,40,36,40,40,40,37,30,33,47,47,56,11,30,-9,-8,-39,0,-53,23,23,34,39,74,68,61,72,81,53,125,124,126,104,118,99,145,141,137,131,170,167,137,114,116,111,117,111,254,246,379,375,390,384,479,458,610,608,597,635,757,750,804,822,822,709]} 1. e4 e5 2. Nf3 Nf6 3. Nxe5 d6 4. Nf3 Nxe4 5. Nc3 Nxc3 6. dxc3 Be7 7. Be3 O-O 8. Qd2 {C42: Petroff Defence: 3 Nxe5 and unusual White 3rd moves} Nd7 9. O-O-O c6 10. Kb1 d5 11. c4 Nb6 12. cxd5 {LiveBook: 6 Games} Nxd5 13. Bc4 {[%cal Rc4d5]} Bf5 14. Bxd5 cxd5 15. Qxd5 Qc8 {[#]} 16. Nd4 $146 Bg6 17. h4 {[%cal Bh2h4,Bh4h5][%mdl 32] Hoping for h5.} Rd8 18. Qb3 h6 19. h5 Bh7 20. Rd2 a5 21. a4 Bb4 22. Re2 Qd7 {[%mdl 1024] Black has compensation.} 23. Ka1 (23. Nb5 $11) 23... Rac8 (23... Kh8 $1 $15) 24. c3 $36 {[%mdl 2048] Black is under pressure.} Bf8 25. Rd2 Qd5 26. Qxd5 Rxd5 27. Ka2 Re5 28. Bf4 Re4 ({Better is} 28... Rec5 $14) 29. g3 $16 Ree8 {[#]} 30. f3 $1 f6 31. Nb5 Red8 32. Rhd1 Rxd2 33. Rxd2 ({Stronger than} 33. Bxd2 Bc2 $11) 33... Bf5 {[#]} 34. Bd6 $1 Be6+ 35. b3 Rd8 36. Rd4 Bf7 37. g4 f5 (37... Be8 $16) 38. Bxf8 $18 Rxf8 {[%mdl 4096] Endgame KRB-KRN} (38... Rxd4 {might work better.} 39. Nxd4 Kxf8 40. Nxf5 Bd5) 39. Nd6 fxg4 40. fxg4 Be6 41. Nxb7 {White is clearly winning.} Rf2+ 42. Ka3 Rg2 43. Nxa5 Bxg4 44. b4 {[%cal Bb3b4,Bb4b5][%mdl 32]} Bxh5 45. b5 Rg6 46. Nc6 {Precision: White = 68%, Black = 28%.} 1-0

[Event "HUN-chT 2017-18"]
[Site "Budapest"]
[Date "2018.05.06"]
[Round "9"]
[White "Sadzikowski, Daniel"]
[Black "Pinter, Jozsef"]
[Result "1-0"]
[WhiteElo "2588"]
[BlackElo "2523"]
[Annotator "TA"]
[PlyCount "139"]
[EventDate "2018.??.??"]
[EventType "team-tourn"]
[EventCountry "HUN"]
[SourceTitle "playchess.com"]
[Source "ChessBase"]
[SourceQuality "1"]
[WhiteTeam "Hungary"]
[BlackTeam "Hungary"]
[WhiteTeamCountry "HUN"]
[BlackTeamCountry "HUN"]

{[%evp 14,139,32,28,38,38,43,19,23,25,56,56,55,0,10,20,0,-18,-7,-30,12,25,17,18,33,48,53,45,43,0,13,0,0,-30,-25,0,35,20,34,24,36,0,0,0,47,46,70,28,34,27,25,14,22,12,20,0,15,30,12,-11,-18,-19,-14,-46,-46,-68,-65,-82,-58,-94,-34,-168,-107,-107,-95,-96,0,-170,-158,-168,-161,-162,-158,-158,-120,-122,-121,-378,-347,-395,0,-214,-108,-180,-86,-79,-77,-89,-58,-83,-39,-39,-30,-160,-59,-58,-58,-54,-39,-43,-38,-114,-111,-101,-101,-101,-62,-97,-97,-29971,-29972,-29986,-29987,-29989,-29990,-29990,-29991,-29995]} 1. c4 Nf6 2. Nc3 c5 3. Nf3 Nc6 4. d4 cxd4 5. Nxd4 e6 6. a3 Bc5 7. Nb3 Be7 8. e4 b6 {A33: Symmetrical English: 2 Nf3 Nf6 3 d4 cxd4 4 Nxd4 e6 5 Nc3 Nc6} 9. Be2 Bb7 10. f4 O-O {The position is equal.} 11. O-O d6 12. Be3 Nd7 (12... Rc8 13. Rc1 Nb8 14. Qd3 a6 15. Nd4 Nc6 16. b4 Nxd4 17. Bxd4 Nd7 18. Qg3 Bf6 19. Rfd1 {1-0 (70) Adams,M (2751)-Hou,Y (2651) Caleta 2017}) 13. Rc1 $146 ({Predecessor:} 13. Qc2 a6 14. Rad1 Qc7 15. Nd2 Bf6 16. Ndb1 Rfd8 17. b4 Ne7 18. Qd3 Nf8 19. Na4 {1-0 (45) Panov,S (2188)-Willmann,B (2052) LSS email 2013}) 13... Nc5 14. Nd2 {[%cal Bb3d2,Bd2b1,Bb1c3][%mdl 32]} a5 15. b3 Bf6 16. Ndb1 Qe7 17. Bf3 Rfd8 18. Re1 Rab8 19. Nb5 Ba8 20. N1c3 Na7 21. Nd4 Nc6 22. Nxc6 Bxc6 23. Nd5 Bxd5 ({Much weaker is} 23... exd5 $6 24. exd5 Nxb3 25. Qxb3 $14) 24. exd5 e5 25. b4 axb4 26. axb4 Nd7 $1 {[%cal Bc5d7,Bd7f6,Bf6d5,Bd5f4][%mdl 32]} 27. Bf2 Qf8 28. f5 g6 29. Be4 Bg5 30. Ra1 {[%cal Bc1a1,Ba1a3,Ba3h3][%mdl 32]} Qh6 31. Ra3 Nf6 32. Rh3 Qg7 33. Qe2 b5 34. c5 ({Of course not} 34. cxb5 Nxe4 35. Qxe4 Rxb5 $15) 34... dxc5 35. bxc5 Nxd5 36. Rd3 Nf4 $1 {[%cal Rf4e2]} 37. Rxd8+ Bxd8 38. Qf3 Qf6 39. fxg6 hxg6 40. Bb7 Bc7 41. Rb1 Rd8 (41... Qf5 $17 42. Be4 Qe6) 42. Be4 (42. g3 $15 Qf5 43. Be4 Nh3+ 44. Kg2 Qxf3+ 45. Bxf3 Nxf2 46. Kxf2) 42... Rd2 ({Better is} 42... Qe6 $1 $19 {Hoping for ...Rd2.} 43. Kh1 f5) 43. Kh1 $17 Qe6 44. Be3 Rd8 (44... Ra2 $17 45. Bxf4 exf4) 45. Rd1 $2 (45. g3 $11 {and White is okay.} Nd3 46. Bg5) 45... Rxd1+ $19 46. Qxd1 Qc4 47. Bc2 Kg7 48. Bb3 Qe4 {[%csl Gf4][%cal Re4g2]} 49. Qf3 Qb1+ 50. Bd1 $2 {[%mdl 8192] [#]} (50. Qd1 $17 Qxd1+ 51. Bxd1) 50... Nd3 $1 {[%cal Rd3b2]} 51. Bg1 Nf4 $2 (51... b4 $19 52. Be2 e4) 52. g3 $2 (52. Be3 $1 $11) 52... Ne6 (52... Nd3 $19 {...b4 is the strong threat.} 53. Qe2 {[#]} e4 $1 {[%mdl 512]}) 53. h4 (53. Bb3 $17) 53... Nd4 (53... e4 $19 {has better winning chances.} 54. Qc3+ Kg8) 54. Bxd4 $17 exd4 {[%cal Be5d4,Bd4d3][%mdl 32]} 55. Kg2 d3 56. Kh3 Be5 57. h5 d2 58. Qe3 (58. hxg6 $11 {remains equal.} Qxg6 59. Qg4) 58... Qf5+ ({Black should try} 58... Qxd1 $17 59. Qxe5+ Kh7 60. hxg6+ Kxg6 61. Qe4+ Kg7) 59. Kg2 $1 $15 gxh5 60. Qxd2 Qe4+ 61. Bf3 $1 {[%cal Rf3e4]} Qg6 62. Qe1 ({White should play} 62. Kf1 $1 $15) 62... Qg5 $17 63. Kh3 {[#]} b4 $1 {[%cal Bb5b4,Bb4b3,Bb3b2][%mdl 544] Threatens to win with ...b3.} 64. Bd1 (64. Qxb4 Qxg3#) 64... f6 {White must now prevent ...Qf5+.} 65. c6 Qc1 {And now ...b3 would win.} 66. Qf1 $2 {[%mdl 8192]} (66. c7 $17) 66... b3 $1 {[%cal Rb3b2] Black mates.} 67. Qd3 b2 68. Qd7+ Kh6 69. c7 Qc3 {[%csl Ge5][%cal Rc3g3]} 70. Bf3 {[%mdl 32768] Precision: White = 38%, Black = 54%. . Loss on Time!?} 1-0

[Event "HUN-chT 2017-18"]
[Site "Budapest"]
[Date "2018.05.06"]
[Round "9"]
[White "Ivanisevic, Ivan"]
[Black "Marosi, Levente"]
[Result "1/2-1/2"]
[WhiteElo "2569"]
[BlackElo "2277"]
[Annotator "TA"]
[PlyCount "120"]
[EventDate "2018.??.??"]
[EventType "team-tourn"]
[EventCountry "HUN"]
[SourceTitle "playchess.com"]
[Source "ChessBase"]
[SourceQuality "1"]
[WhiteTeam "Hungary"]
[BlackTeam "Hungary"]
[WhiteTeamCountry "HUN"]
[BlackTeamCountry "HUN"]

{[%evp 18,120,0,-4,13,0,0,-13,2,-17,0,-8,0,14,5,6,30,-14,41,40,54,40,52,0,7,0,0,-19,-15,-20,-6,-22,-22,-22,-20,-15,-20,-22,8,7,10,15,6,-3,0,0,3,0,0,0,0,0,0,0,0,0,0,0,0,0,0,0,0,0,0,0,0,0,0,0,0,0,0,0,0,0,0,0,0,0,0,0,0,0,0,0,0,0,0,0,0,0,0,0,0,0,0,0,0,0,0,0,0,0,29990]} 1. d4 Nf6 2. c4 e6 3. Nc3 Bb4 4. e3 O-O 5. Nge2 Re8 6. a3 Bf8 7. Ng3 d5 8. cxd5 {E46: Nimzo-Indian: Rubinstein: 4 e3 0-0 5 Ne2 without early Bd3} (8. Be2 b6 9. cxd5 exd5 10. O-O Bb7 11. b4 Nbd7 12. Qb3 c6 13. Bf3 a5 14. b5 c5 15. Nxd5 a4 {½-½ (53) Shankland,S (2671)-Ding,L (2778) Liaocheng 2018}) 8... exd5 9. Bd3 a5 10. O-O {LiveBook: 4 Games} Na6 11. Bd2 c6 12. Rc1 $146 ({Predecessor:} 12. Qc2 Nc7 13. Na4 Ne6 14. b4 axb4 15. axb4 h5 {0-1 (55) Brooks,P (2163)-Cox,J (2320) London 2016}) 12... Bd7 13. Nce2 b5 14. Qe1 b4 (14... a4 {seems wilder.} 15. f3 c5 16. Qf2 Qb6 17. dxc5 Nxc5 18. Bc2 Nb7) 15. Bxa6 Rxa6 16. axb4 a4 17. Ra1 Qb6 (17... h5 $11) 18. Nf4 $14 Ne4 19. Nxe4 dxe4 20. f3 (20. Qb1 $14) 20... Bf5 {The position is equal.} 21. Qf2 exf3 22. Qxf3 Be4 23. Qe2 Ra7 24. Qc4 Rb8 {[%cal Rf8b4]} 25. Nd3 Bxd3 26. Qxd3 Bxb4 27. Rf2 Qb5 28. Qxb5 Rxb5 29. Bxb4 Rxb4 $11 {[%mdl 4096] Endgame KRR-KRR} 30. Rc2 g6 31. Kf2 Ra6 32. Ra3 Rab6 33. Kf3 h5 34. h3 Kf8 35. g4 hxg4+ 36. hxg4 Ke7 37. Ke4 Rxb2 38. Rxb2 Rxb2 39. Rxa4 {KR-KR} Kd6 40. Kf3 Rb1 41. Ra7 Rf1+ 42. Ke2 Rf6 43. Ra6 Re6 44. g5 Re4 45. Kf3 Re7 46. e4 Rb7 47. d5 {[#] Kf4 is the strong threat.} Ke5 48. dxc6 Rb3+ 49. Kg4 Kxe4 50. Ra7 Rc3 51. Re7+ Kd5 52. c7 Rc4+ 53. Kf3 Kd6 54. Rxf7 (54. c8=Q {is more complex.} Rxc8 55. Rxf7 Ke5 56. Rf6 Rc3+ 57. Kg2) 54... Rxc7 55. Rf6+ (55. Rf4 {is interesting.} Rc3+ 56. Kg4 Rc1 57. Kg3 Ke5 58. Rf6) 55... Ke5 56. Rxg6 {[#] Black must now prevent Kg4.} Kf5 57. Rg8 Rc3+ 58. Kg2 Rc6 59. Kh3 Rg6 60. Rxg6 Ke5 $2 {[%mdl 40960] Precision: White = 55%, Black = 70%. . An unexpected result.} (60... Kxg6 $11 61. Kh4 Kh7) 1/2-1/2

[Event "HUN-chT 2017-18"]
[Site "Budapest"]
[Date "2018.05.06"]
[Round "9"]
[White "Aczel, Gergely"]
[Black "Molnar, Jozsef"]
[Result "1-0"]
[WhiteElo "2567"]
[BlackElo "2159"]
[Annotator "TA"]
[PlyCount "109"]
[EventDate "2018.??.??"]
[EventType "team-tourn"]
[EventCountry "HUN"]
[SourceTitle "playchess.com"]
[Source "ChessBase"]
[SourceQuality "1"]
[WhiteTeam "Hungary"]
[BlackTeam "Hungary"]
[WhiteTeamCountry "HUN"]
[BlackTeamCountry "HUN"]

{[%evp 26,109,79,85,83,82,99,77,110,98,113,24,30,38,60,27,42,15,47,22,14,11,15,14,98,108,291,283,332,332,332,332,332,326,310,314,318,311,310,330,330,325,351,348,469,465,507,513,495,508,612,591,706,689,750,705,794,813,788,762,911,895,909,879,818,791,1201,1229,1369,1351,1608,1536,1478,1420,29985,2003,1964,1700,29985,2203,29985,29986,29980,29978,9404,10924]} 1. d4 Nf6 2. c4 g6 3. f3 d5 4. cxd5 Nxd5 5. e4 Nb6 6. Nc3 Bg7 7. Be3 O-O 8. Qd2 Nc6 9. O-O-O f5 {D70: Grünfeld: Unusual White 3rd moves (met by ...d5)} (9... Qd6 10. Kb1 Rd8 11. Nb5 Qd7 12. d5 a6 13. Nc3 Qe8 14. Qc1 Na5 15. h4 e6 16. Bf4 Rd7 17. Bh6 Bxh6 18. Qxh6 exd5 {½-½ (35) Aronian,L (2809)-Svidler,P (2749) Geneva 2017}) 10. e5 Nb4 11. Nh3 Be6 12. Kb1 N4d5 13. Ng5 Nxc3+ 14. Qxc3 {LiveBook: 4 Games} Bd5 15. h4 {[#]} h5 $146 ({Predecessor:} 15... Qd7 16. Bd3 Rac8 17. Bc2 {1-0 (35) Ivanisevic,I (2645)-Gabrielian,A (2554) Plovdiv 2012}) 16. Qc2 Qe8 17. Bd3 Rc8 18. f4 (18. Rhg1 $16) 18... Qa4 19. b3 Qe8 20. g4 {[%cal Rg4f5]} (20. Bd2 {feels hotter.} Qd7 21. Bb4 Bc6 22. Rhe1 Nd5 23. Bc4) 20... Qc6 (20... hxg4 21. h5 $1 $15 {[%mdl 512]}) 21. Qxc6 Bxc6 22. gxh5 Bxh1 23. Rxh1 gxh5 24. Ne6 {Black must now prevent Rg1.} Nd5 {[#]} (24... Bh6 $11 {remains equal.}) 25. Rg1 $1 $36 {[%cal Rg1g7][%mdl 2048] White is really pushing.} Rf7 $2 (25... Kh8 $16 {keeps fighting.}) 26. Bd2 $18 (26. Nxg7 Rxg7 27. Bxf5 Rxg1+ 28. Bxg1 Rd8 $17) 26... Kh8 27. Rg5 $1 {[%csl LRf5,LRh5]} (27. Nxg7 Rxg7 28. Rxg7 Kxg7 $15) 27... Bh6 28. Rxh5 Kh7 {intending ...Kg6.} 29. Ng5+ ({Not} 29. Bxf5+ $2 Rxf5 30. Rxf5 Kg6 $17) ({Less strong is} 29. Rxf5 Kg8 $16) 29... Kg6 {[#]} 30. Rxh6+ $1 {[%mdl 512]} Kxh6 31. Nxf7+ Kg6 32. Ng5 Rh8 33. Nf3 e6 34. Kc2 Kh5 35. Ng5 Re8 36. Be2+ Kh6 37. a4 {[%cal Ba2a4,Ba4a5][%mdl 32]} a6 38. Bf3 c6 39. a5 Nc7 40. Kd3 Re7 41. Bb4 Re8 42. Kc4 Nb5 43. Kc5 Kg6 44. h5+ {[%cal Bh4h5,Bh5h6,Bh6h7][%mdl 32]} Kg7 45. Be1 Kf8 46. h6 Ke7 47. h7 Rd8 48. Bf2 Rh8 49. Kb6 Rb8 {[#]} 50. Be3 (50. d5 $142 $1 cxd5 51. Bxd5 Rh8 52. Bxe6 Kf8 53. Kxb7 Nc3 54. Kxa6 Ne2 55. Bxf5 Nxf4 56. e6) 50... Nc3 51. Kc7 Rd8 52. Kxb7 (52. d5 $142 Rd7+ 53. Kb6 Rd8 54. dxe6 Rh8 55. Bc5+ Ke8 56. Kxb7 Nd5 57. Bh5+ Kd8 58. Nf7+ Ke8 59. Nxh8+ Kd8 60. Nf7+ Ke8 61. h8=Q#) 52... Nd5 53. Bxd5 cxd5 54. Bd2 Rh8 55. Kc7 {Precision: White = 62%, Black = 15%.} 1-0

[Event "HUN-chT 2017-18"]
[Site "Budapest"]
[Date "2018.05.06"]
[Round "9"]
[White "Grigoriants, Sergey"]
[Black "Stankovic, Milos"]
[Result "1/2-1/2"]
[WhiteElo "2545"]
[BlackElo "2418"]
[Annotator "TA"]
[PlyCount "39"]
[EventDate "2018.??.??"]
[EventType "team-tourn"]
[EventCountry "HUN"]
[SourceTitle "playchess.com"]
[Source "ChessBase"]
[SourceQuality "1"]
[WhiteTeam "Hungary"]
[BlackTeam "Hungary"]
[WhiteTeamCountry "HUN"]
[BlackTeamCountry "HUN"]

{[%evp 18,39,75,38,91,52,58,58,51,59,49,25,30,23,30,23,48,50,42,45,83,70,70,51]} 1. c4 Nf6 2. Nf3 g6 3. Nc3 d5 4. cxd5 Nxd5 5. h4 Bg7 6. e4 {A16: English Opening: 1...Nf6 with ...d5} Nxc3 7. dxc3 Qxd1+ 8. Kxd1 Bg4 9. Kc2 Nd7 10. Be3 {LiveBook: 5 Games} O-O $146 (10... a6 $14) ({Predecessor:} 10... Nf6 11. Nd2 Be6 12. f3 Nh5 13. Bb5+ {½-½ (59) Le,Q (2699)-Gupta,A (2619) Al Ain 2015}) 11. Bc4 Nb6 12. Bb3 a5 {[#] And now ...a4 would win.} 13. a4 Rad8 14. Nd4 c5 15. Nf3 Rc8 $1 16. Nd2 Be2 17. Rae1 Ba6 18. h5 Rc6 19. Kc1 Rd8 20. Rh3 {Precision: White = 51%, Black = 56%.} 1/2-1/2

[Event "HUN-chT 2017-18"]
[Site "Budapest"]
[Date "2018.05.06"]
[Round "9"]
[White "Szabo, Gergely-Andras-Gyul"]
[Black "Seres, Lajos"]
[Result "1/2-1/2"]
[WhiteElo "2541"]
[BlackElo "2425"]
[Annotator "TA"]
[PlyCount "93"]
[EventDate "2018.??.??"]
[EventType "team-tourn"]
[EventCountry "HUN"]
[SourceTitle "playchess.com"]
[Source "ChessBase"]
[SourceQuality "1"]
[WhiteTeam "Hungary"]
[BlackTeam "Hungary"]
[WhiteTeamCountry "HUN"]
[BlackTeamCountry "HUN"]

{[%evp 22,93,22,25,28,18,87,73,82,66,66,11,12,8,12,6,18,3,9,18,22,20,15,0,0,-4,143,161,156,163,149,146,163,163,156,8,46,10,14,14,13,12,80,81,80,68,67,0,79,80,80,36,35,36,60,13,80,80,74,0,0,0,0,0,0,0,0,0,0,0,0,0,0,1]} 1. e4 c5 2. Nf3 Nc6 3. Bb5 g6 4. Bxc6 bxc6 5. O-O Bg7 6. Re1 Nh6 7. c3 O-O 8. h3 f6 9. d4 cxd4 10. cxd4 d6 {B31: Sicilian: 2...Nc6 3 Bb5 g6} (10... Nf7 11. Nc3 d6 12. Be3 e5 13. Rc1 Qe7 14. Qd2 f5 15. dxe5 dxe5 16. Na4 Rd8 17. Qa5 f4 18. Bc5 Qb7 19. Ba3 Qb5 20. Rc5 Qxa5 21. Rxa5 {1-0 (59) Jakovenko,D (2710)-Barnaure,V (2476) Antalya 2017}) 11. b3 Nf7 12. Bb2 {LiveBook: 16 Games} f5 {White has an edge.} 13. Nbd2 g5 $146 (13... fxe4 $11 14. Nxe4 Rb8) ({Predecessor:} 13... fxe4 14. Nxe4 c5 15. Qd2 cxd4 16. Nxd4 Qb6 17. Rad1 e5 18. Nc2 {0-1 (26) Fedorchuk,S (2569)-Oleksienko,M (2424) Kharkov 2004}) 14. exf5 $16 Bxf5 15. Ne4 g4 {...Bxe4 is the strong threat.} 16. Nh4 (16. Ng3 $14 e6 17. Nxf5 exf5 18. hxg4) 16... e6 $1 $11 17. Nxf5 exf5 18. Ng3 gxh3 19. Qh5 hxg2 20. Nxf5 Qf6 21. Re7 $36 {[%mdl 2048] And now Rae1 would win. Black is under pressure.} Kh8 $1 {With the idea ...Ng5.} ({But not} 21... Qg6 $2 22. Qxg6 hxg6 23. Nxg7 $18) 22. f4 d5 23. Rae1 ({Don't play} 23. Kxg2 Nd6 $17) 23... Qg6 (23... Nd6 $1 $11 {keeps the balance.} 24. Rxg7 (24. Nxd6 Qxd6 25. f5 Rg8 $15) 24... Qxf5 25. Qxf5 Nxf5 26. Rxg2 Nh4) 24. Qxg6 $16 hxg6 25. Nxg7 Kxg7 26. Kxg2 a5 27. Ba3 a4 {Strongly threatening ...axb3.} 28. Rc7 (28. f5 $1 $16) 28... Rfe8 29. Rxe8 (29. Ree7 {is interesting.} Rxe7 30. Bxe7 axb3 31. axb3 Ra6 32. Kg3) 29... Rxe8 $14 {[%mdl 4096] Endgame KRB-KRN} 30. Be7 axb3 31. axb3 {[%cal Ba2b3,Bb3b4][%mdl 32]} Rb8 (31... Nh6 $11 {remains equal.}) 32. b4 $1 $16 Rb6 33. Ra7 Rb8 $1 34. Rc7 Rb6 $1 35. Kf3 Ra6 36. Ke2 Kg8 37. Rc8+ Kh7 38. Bf6 Rb6 {[#]} (38... c5 $11) 39. Rf8 $1 {[%cal Rf8f7]} Rb7 {[#]} 40. Kd3 ({White should play} 40. Kf3 $1 $16) 40... Kh6 $11 {The position is equal.} 41. Rc8 Rxb4 42. Rxc6 Rb7 43. Rc5 Rd7 44. Rc1 {[%cal Rc1h1]} Kh5 45. Be5 Kg4 46. Rc6 g5 47. fxg5 {Precision: White = 52%, Black = 66%.} 1/2-1/2

[Event "HUN-chT 2017-18"]
[Site "Budapest"]
[Date "2018.05.06"]
[Round "9"]
[White "Popovic, Dusan"]
[Black "Perunovic, Milos"]
[Result "1/2-1/2"]
[WhiteElo "2537"]
[BlackElo "2595"]
[Annotator "TA"]
[PlyCount "32"]
[EventDate "2018.??.??"]
[EventType "team-tourn"]
[EventCountry "HUN"]
[SourceTitle "playchess.com"]
[Source "ChessBase"]
[SourceQuality "1"]
[WhiteTeam "Hungary"]
[BlackTeam "Hungary"]
[WhiteTeamCountry "HUN"]
[BlackTeamCountry "HUN"]

{[%evp 15,29,-4,-1,-8,0,-2,0,0,26,-20,17,-29,-47,-58,-58,-52]} 1. e4 c5 2. Nf3 Nc6 3. Bb5 e6 4. O-O Nge7 5. c3 a6 6. Ba4 {[%cal Bb5a4,Ba4c2,Bc2e4][%mdl 32]} b5 7. Bc2 Bb7 8. Qe2 d5 9. e5 {B30: Sicilian: 2...Nc6 3 Bb5, lines without ...g6} d4 10. Be4 Nd5 11. d3 {The position is equal.} Be7 (11... dxc3 12. bxc3 b4 13. c4 Nb6 14. a3 a5 15. a4 Be7 16. Nbd2 Qc7 {0-1 (44) Fedorchuk,S (2648)-Moiseenko,A (2667) Riadh 2017}) 12. Rd1 dxc3 13. bxc3 O-O 14. c4 Nb6 15. Na3 {[#]} {Predecessor:} b4 $146 16. Nc2 Qc7 {0-1 (31) Ambartsumova,K (2288)-Muzychuk,A (2561) Novi Sad 2016} 1/2-1/2

[Event "HUN-chT 2017-18"]
[Site "Budapest"]
[Date "2018.05.06"]
[Round "9"]
[White "Savic, Miodrag R"]
[Black "Jovanovic, Zoran"]
[Result "1-0"]
[WhiteElo "2535"]
[BlackElo "2551"]
[Annotator "TA"]
[PlyCount "119"]
[EventDate "2018.??.??"]
[EventType "team-tourn"]
[EventCountry "HUN"]
[SourceTitle "playchess.com"]
[Source "ChessBase"]
[SourceQuality "1"]
[WhiteTeam "Hungary"]
[BlackTeam "Hungary"]
[WhiteTeamCountry "HUN"]
[BlackTeamCountry "HUN"]

{[%evp 21,119,13,11,14,6,0,0,0,18,0,0,0,0,0,0,0,0,0,38,0,4,-12,0,-22,0,-12,-3,-19,-9,-16,-3,0,-11,-31,0,-16,-10,-39,0,0,0,0,0,0,1,12,68,72,168,145,249,256,287,287,262,184,317,329,318,318,399,0,298,291,305,237,358,358,357,358,375,359,395,341,414,414,418,410,447,447,447,447,447,447,447,443,447,428,447,447,447,439,439,414,412,405,392,377,1055,1001]} 1. e4 g6 2. d4 c6 3. Nf3 Bg7 4. h3 d5 5. Nc3 dxe4 6. Nxe4 Nf6 7. Nxf6+ exf6 8. Bc4 O-O 9. O-O a5 {B15: Caro-Kann: 3 Nc3: 3...g6 and 3...dxe4 4 Nxe4 Nf6 5 Nxf6+ exf6} 10. a4 Na6 11. c3 Nc7 {LiveBook: 4 Games. The position is equal.} 12. Bf4 Nd5 13. Bh2 Be6 14. Nd2 f5 {[#]} 15. Qb3 $146 ({Predecessor:} 15. Bb3 h5 16. Re1 Bh6 17. Be5 {0-1 (50) Karthikeyan,M (2574)-Wei,Y (2748) Ashkhabad 2017}) 15... Qd7 16. Rfe1 Rfe8 17. Re2 Re7 18. Rae1 Rae8 19. Qa3 {[#] And now Bd6 would win.} Qd8 20. Nf3 Bf8 21. Qb3 f6 22. Qd1 Bf7 23. Bd3 Bh6 24. Nd2 {[%cal Bf3d2,Bd2f1,Bf1e3][%mdl 32]} Rxe2 25. Rxe2 Rxe2 26. Bxe2 Nb6 27. Nf1 Nd5 28. Bf3 Qd7 29. c4 Nf4 30. Ne3 Ne6 31. d5 Ng5 $1 32. d6 Nxf3+ 33. Qxf3 Bxe3 (33... b6 $11) 34. Qxe3 $14 Bxc4 {[#]} (34... g5 $16 {keeps fighting.}) 35. Qc3 $1 $18 {[%csl LRa5,LRc4,LRf6][%cal Rc3c4]} Bd5 (35... Bf7 $16) 36. Qxf6 Qe6 {[%cal Re6e1]} 37. Qd8+ Kf7 {[%cal Re6e1]} 38. Bg3 {Strongly threatening d7.} (38. Qxa5 Qe4 $11) 38... f4 (38... c5 {was called for.} 39. Qc7+ (39. Qxa5 Bc6 $16) 39... Ke8 40. Qxh7 Bc6) 39. Qc7+ (39. Bxf4 Qe1+ 40. Kh2 Qe4 $18) 39... Ke8 40. Qb8+ Kf7 41. Qc7+ Ke8 $1 42. Bxf4 c5 43. f3 ({Don't play} 43. Qxa5 $6 Qe4 $18) 43... h5 (43... Bc6 $142 44. Qxh7 Qf7 45. Qh8+ Kd7) 44. Qxc5 ({Don't do} 44. Qxa5 g5 $18) 44... Bc6 45. Qxa5 Qf6 46. Be5 Qg5 47. Kh2 h4 48. Qc3 Kd7 49. Qd4 Ke6 50. Bf4 Qf6 51. Qxf6+ Kxf6 {[%mdl 4096] Endgame KB-KB} 52. a5 Kf5 53. Bd2 Ke5 54. Bb4 Kd4 55. Be1 Kc5 56. Bxh4 Kxd6 57. Kg3 Bb5 58. Bg5 Kc5 59. h4 Kb4 $2 (59... Kd5 60. Kf4 Bd3) 60. Bd2+ {Precision: White = 63%, Black = 48%.} 1-0